| 000 | 00378cam a2200157ua 4500 | ||
|---|---|---|---|
| 041 |
_aeng _h |
||
| 082 |
_a671.23 _bCOX/AD |
||
| 100 | _aCox, L.L . | ||
| 245 |
_aAdvanced pattern making / _cL.L.Cox. _hTextual Documents |
||
| 250 |
_a1 / _b. |
||
| 260 |
_aLondon : _bThe technical press Ltd , _c1958. |
||
| 300 | _a222 ; . | ||
| 504 | _a | ||
| 942 | _cBK | ||
| 999 |
_c2277 _d2277 |
||